Country Trivia Logic Puzzle Quiz Stats

 Plays Quiz Updated Nov 25, 2019

Score 0/30 Timer 20:00
1,019 Plays Today
box % Correct





A1
???
100%





C1
???
62.5%





F4
???
57%





C4
???
50.4%





A2
???
49.7%





B3
???
47.7%





C3
???
38.3%





C5
???
37.7%





C2
???
36.2%





D3
???
28.7%





D5
???
28.3%





D1
???
25.2%





B2
???
21.8%





B5
???
21.3%





A4
???
15.9%
box % Correct





B4
???
14.8%





D2
???
14.1%





A3
???
13.2%





F5
???
13%





F1
???
13%





A5
???
12.9%





F2
???
12.3%





D4
???
11.3%





E4
???
11.2%





F3
???
11.2%





E1
???
9.2%





E5
???
8.9%





B1
???
7.5%





E2
???
6.6%





E3
???
6.4%

You're not logged in!

Compare scores with friends on all Sporcle quizzes.
OR
Log In

Sporcle TV

Today on Sporcle TV


Watch our educational content, quiz creation guides, and fun videos on Sporcle TV.

Show Comments

Extras

Top Quizzes Today


Score Distribution

Your Account Isn't Verified!

In order to create a playlist on Sporcle, you need to verify the email address you used during registration. Go to your Sporcle Settings to finish the process.

Report this User

Report this user for behavior that violates our Community Guidelines.

Details: